Ч. 1 (Запись № 5129223)

Подробности
000 -МАРКЕР
контрольное поле 02018nam2a22002651 4500
001 - ИДЕНТИФИКАТОР ЗАПИСИ
контрольное поле v19\rc\2108141
005 - ИДЕНТИФИКАТОР ВЕРСИИ
контрольное поле 20260414151249.0
035 ## - ДРУГИЕ СИСТЕМНЫЕ НОМЕРА
Идентификатор записи (NLR Aleph) 005180332
100 ## - ДАННЫЕ ОБЩЕЙ ОБРАБОТКИ
Данные общей обработки 20090914d1802 u y0rusy50 ca
101 1# - ЯЗЫК РЕСУРСА
Язык текста, звукозаписи и т.д. русский
Язык оригинала французский
102 ## - СТРАНА ПУБЛИКАЦИИ ИЛИ ПРОИЗВОДСТВА
Страна публикации российская федерация
140 ## - ПОЛЕ КОДИРОВАННЫХ ДАННЫХ: СТАРОПЕЧАТНЫЕ ИЗДАНИЯ - ОБЩАЯ ИНФОРМАЦИЯ
Кодированные данные о старопечатном издании - Основные y y eayaa0000
200 0# - ЗАГЛАВИЕ И СВЕДЕНИЯ ОБ ОТВЕТСТВЕННОСТИ
Основное заглавие Ч. 1
210 ## - ПУБЛИКАЦИЯ, РАСПРОСТРАНЕНИЕ И ДР.
Дата издания, распространения и т.д. 1802
215 ## - ФИЗИЧЕСКАЯ ХАРАКТЕРИСТИКА
Специфическое обозначение материала и объем [2], 122 с., [1] л. ил.
316 ## - ПРИМЕЧАНИЯ ОБ ОСОБЕННОСТЯХ ЭКЗЕМПЛЯРА
Текст примечания Экз. РНБ (18.209.5.1(1)) ч.1-2 в одном пер. В цельнокожаном пер. На крышках пер. линейная рамка блинтового тиснения. На корешке тиснение золотом и белая кожаная наклейка с вытисн. золотом загл. На форзаце ярлык с шифром РНБ. На нахзаце шрифтовой ярлык книж. торговли В.И.Клочкова. На тит. л. и с.33 круглый штамп ГПБ. На тит. л. нечитаемая рукоп. надпись. Экз. деф.: отсутствует ил.
Организация и экземпляр, к которому относится поле NLR: 18.209.5.1(1)
461 #0 - УРОВЕНЬ НАБОРА
Встроенное поле 001v19\rc\2108140
-- 2001#$aАделаида, или Нещастия де ла Галетиерра во время Децемвирскаго правления, содержащия его гонения, побег в правление Робеспиерра, кораблекрушение и пребывание на необитаемом острове, последуемыя возвращением его во Францию.$eИстинная повесть.$fПереведена с тетьяго издания д. с. с. к. А.Г.$vЧ. 1
-- 700#1$aРони$bА.Ж.$f1771-1814$gАнтуан Жозеф
702 #1 - ИМЯ ЛИЦА - ВТОРИЧНАЯ ОТВЕТСТВЕННОСТЬ
Начальный элемент ввода Клочков
Часть имени, кроме начального элемента ввода В. И.
Даты ок.1861-1915
Расширение инициалов личного имени Василий Иванович
Организация и экземпляр, к которому относится поле NLR: 18.209.5.1(1)
Идентификатор авторитетной/нормативной записи RU\NLR\AUTH\770172651
Код отношения Книготорговец
801 #0 - ИСТОЧНИК ЗАПИСИ
Страна российская федерация
Организация NLR
Правила каталогизации psbo
801 #1 - ИСТОЧНИК ЗАПИСИ
Страна российская федерация
Организация ProSoft-M
Источник данных rusmarc
852 ## - МЕСТОНАХОЖДЕНИЕ И ШИФР ХРАНЕНИЯ
Идентификатор организации NLR
Шифр хранения (Call Number) 18.209.5.1(1)
942 ## - ДОПОЛНИТЕЛЬНЫЕ ЭЛЕМЕНТЫ ЗАПИСИ (АБИС)
Тип экземпляра АБИС Книга
980 ## - КОЛЛЕКЦИЯ
Название коллекции Национальная библиография
Экземпляры
Тип экземпляра Дата поступления Библиотека постоянного хранения Библиотека текущего хранения Место хранения Шифр хранения Штрих-код Статус не для выдачи
Книга 26.10.2013 РНБ (Садовая) РНБ (Садовая) Русский книжный фонд -Главное здание, Ленинский читальный зал 18.209.5.1 5180332-10